| 000 | 00953nam a2200229Ia 4500 | ||
|---|---|---|---|
| 999 |
_c3333 _d3333 |
||
| 003 | OSt | ||
| 005 | 20200407094501.0 | ||
| 008 | 191128s1976 sp gr 000 0dspa d | ||
| 020 | _a8472223140 | ||
| 040 |
_aCO-JMCR _cCO-JMCR |
||
| 041 | 0 | _aspa | |
| 082 | 0 | 4 |
_a322.44098 / _bR165h _221 |
| 100 | 1 |
_aRama, Carlos M., _eautor _92653 |
|
| 245 | 1 | 0 |
_aHistoria del movimiento obrero y social latinoamericano contemporáneo / _cCarlos M. Rama |
| 250 | _aPrimera edición | ||
| 260 |
_aBarcelona : _bEditorial Laia, _c1976 |
||
| 300 |
_a171 páginas ; _c19 cm. |
||
| 500 | _aIncluye datos biográficos del autor en contraportada. | ||
| 505 | 0 | _aAdvertencia a la edición española -- prólogo de la primera edición -- prólogo a la edición italiana por Antonio Melis -- introducción América Latina del coloniaje -- el siglo XIX -- América moderna (1910-1959). | |
| 650 | 1 | 4 |
_aMovimientos sociales _xhistoria _zAmérica Latina _92654 |
| 942 |
_2ddc _cBK |
||